00998cam a2200265 i 4500001001000000003001000010005001700020007000300037008004100040020001800081040001400099041000800113082002200121100003000143245019400173264004700367264001100414300001200425336002700437337003300464338002800497500016700525653001900692653002100711768714001CO-MdFUSB20240622095137.0ta240622t2006 -sp||||| |||| 00| 0 spa d a84-301-1518-8 cCO-MdFUSB0 aspa04224a234.7 bJ953e1 aJüngel, Eberhardeautor10aEl evangelio de la justificación del impío como centro de la fe cristiana : bEstudio teológico en perspectiva ecuménicac/ Eberhard Jüngel; traducido por Constantino Ruiz Garrido 1bEdiciones Sígueme,aSalamanca : c[2006] 4c©2006 a334 Pag atextobtxt2rdacontent 2rdamediaasin mediaciónbn 2rdacarrieravolumenbnc aTítulo original : Das Evangelium von der Rechtfertigung des Gopttlosen als Zentrum des christlichen Glaubens. Eine theologische Studie in ökumenischer Absicht aSoteriología aJustificación